La esperanza en la Biblia (Record no. 60331)

MARC details
000 -LEADER
campo de control de longitud fija 00511nam a2200157 i 4500
001 - NÚMERO DE CONTROL
campo de control 60331
003 - IDENTIFICADOR DE NÚMERO DE CONTROL
campo de control ES-MaACL
005 - FECHA Y HORA DE LA ÚLTIMA TRANSACCIÓN
campo de control 20230906164218.0
007 - CAMPO FIJO DE DESCRIPCIÓN FÍSICA--INFORMACIÓN GENERAL
campo de control de longitud fija t|
008 - DATOS DE LONGITUD FIJA--INFORMACIÓN GENERAL
campo de control de longitud fija 031104s1972 sp ||||1| spa d
245 03 - MENCIÓN DEL TÍTULO
Título La esperanza en la Biblia
Resto del título : XXX Semana Bíblica Española (Madrid, 21-25 sept. 1970).
260 ## - PUBLICACIÓN, DISTRIBUCIÓN, ETC.
Lugar de publicación, distribución, etc. Madrid :
Nombre del editor, distribuidor, etc. Instituto Francisco Suárez,
Fecha de publicación, distribución, etc. 1972.
300 ## - DESCRIPCIÓN FÍSICA
Extensión 456 p. ;
Dimensiones 26 cm.
711 2# - ENTRADA AGREGADA--NOMBRE DE REUNIÓN
Nombre de congreso/reunión o jurisdicción como elemento de entrada Semana bíblica española (
Número del congreso/reunión o número de parte o sección 30ª.
Fecha del congreso o de la firma del tratado 1970.
Sede del congreso/Lugar de la reunión Madrid)
9 (RLIN) 974
852 ## - LOCALIZACIÓN
Ubicación ES-MaACL
Número de control de estantería C-43432
Sublocalización o colección R.82716
Holdings
Estatus retirado Estado de pérdida Estado de daño No para préstamo Biblioteca de origen Biblioteca actual Ubicación en estantería Fecha de adquisición Fuente de adquisición Total de préstamos Signatura topográfica completa Código de barras Visto por última vez Precio de reemplazo Tipo de ítem Koha
        Biblioteca del Ateneo de Madrid Biblioteca del Ateneo de Madrid Depósito 2 17/01/2008     C-43432 1063278 23/02/2023 23/02/2023 Libro impreso